000 00554nam a2200181Ia 4500
008 100917s9999 xx 000 0 und d
082 _b10926
100 _aश्रोत्रयि वि. कृ.
245 _aखूप खूप पैसा
260 _bश्रोत्रयि प्रकाशन
_c1971
300 _a44
365 _b1.25
520 _aबालविभाग
630 _aखूप खूप पैसा
650 _aबालविभाग
730 _aखूप खूप पैसा
942 _cBOOK
999 _c616320
_d616317